00867 a2200193 4500003000500000005001700005010001600022020001700038040000900055082001600064100002200080245008000102260004600182300003500228505035000263538000800613650002900621700002300650Nust20220719182620.0 a 84014542 a0201119455 : cNust00a001.535,CHA1 aCharniak, Eugene.10aIntroduction to artificial intelligence /cEugene Charniak, Drew McDermott. aReading, Mass. :bAddison-Wesley,cc1985. axvii, 701 p. :bill. ;c24 cm. aAI an Internal Representation (Page-1), Lisp (Page-33), Vision (Page-87), Parsing Language (Page-169), Search (Page-255), Logic and Deduction (Page-319), Memory Organization and Deduction (Page-393), Abduction Uncertainty and Expert Systems (Page-453), Managing Plans of Action (Page-485), Language Comprehension (Page-555), Learning (Page-609). a  0aArtificial intelligence.1 aMcDermott, Drew V.